1327 1325 1752 1823 1098 1021 1786 1696 1667 1361 1180 1982 1939 1809 1714 1441 1055 1365 1570 1508 1104 1032 1447 1700 1224 1774 1928 1097 1407 1093 1806 1161 1300 1669 1714 1538 1705 1708 1297 1267 1467 1926 1796 1261 1929 1323 1889 1596 1010 1058 1440 1543 1166 1298 1658 1986 1605 1520 1935 1602 1136 1598 1409 1214 1457 1144 1871 1042 1938 1500 1905 1721 1397 1910 1022 1195 1437 1185 1987 1265 1673 1341 1097 1580 1724 1631 1566 1138 1593 1295 1560 1776 1283 1843 1360 1714 1519 1577 1439 BCNSPRNW ULIB Ver.6.0+V

เปลี่ยนเป็นภาษาไทย

Change to English
 แสดงรายละเอียดบรรณานุกรม
  กลับหน้าหลัก

Brief Record : Get Marc (ISO 2709) : E-mail record : QR code < ปิดหน้าต่าง
LEADER : 00000nam 2200000uu 4500
001    13399109318
003     ULIB
008    110329s2543||||th 000 0 tha d
020    9742932212
060 04 WA590^bก218ก 2543
245 00 กระบวนการสุขศึกษากับการพัฒนาพฤติกรรมสุขภาพ :^bก้าวสู่ยุค2000 /^cโดย เยาวลักษณ์ อนุรักษ์ ... [และคนอื่นๆ]
250    พิมพ์ครั้งที่ 1
260    กรุงเทพฯ :^bซิกม่าดีไซน์กราฟฟิก,^c2543
300    99 หน้า :^bภาพประกอบ ;^c29 ซม.
650  7 การส่งเสริมสุขภาพ
650  7 พฤติกรรมสุขภาพ
650  7 สุขศึกษา
700 0  เยาวลักษณ์ อนุรักษ์
945    ^p139^l0^i015640
945    ^p139^l0^i015639
995    ทศพร
999 ^a ใช้งานได้ทุกระบบ
รายการนี้ยังไม่มีแท็ก
คุณยังไม่ได้ล็อกอิน คุณสามารถมีกิจกรรมร่วมกับเว็บไซต์ได้ แต่ต้องล็อกอินก่อน ::
  ล็อกอิน

รายการสื่อสารสนเทศ

ลำดับที่ ประเภท เลขเรียก/บาร์โค้ด สถานที่ สถานะ
- ไม่พบข้อมูล -

รายการใกล้เคียง
    หัวเรื่อง [การส่งเสริมสุขภาพ]
    หัวเรื่อง [พฤติกรรมสุขภาพ]
    หัวเรื่อง [สุขศึกษา]

BibComment


ยังไม่เคยถูกคอมเมนท์

คอมเมนท์ทรัพยากรรายการนี้
  คอมเมนท์: กระบวนการสุขศึกษา..


 Copyright 2026. Bcnsprnw @Library